100 Best European Football Teams - Statistics

General Stats
  • This quiz has been taken 184 times
  • The average score is 47 of 100
Answer Stats
Answer % Correct
ESP Real Madrid
98%
ESP Barcelona
97%
GER Bayern Munich
96%
ENG Chelsea
96%
ENG Manchester United
95%
ENG Arsenal
94%
ENG Manchester City
94%
ESP Atletico Madrid
93%
ITA Juventus
93%
FRA Paris Saint Germain
93%
GER Borussia Dortmund
91%
POR Porto
91%
ENG Liverpool
90%
NED Ajax
87%
POR Benfica
86%
ESP Sevilla
84%
ENG Tottenham
81%
ITA Napoli
80%
FRA Lyon
79%
ESP Valencia
76%
ITA Milan
75%
ITA Roma
74%
FRA Marseille
73%
NED PSV
71%
ITA Inter Milan
69%
FRA Monaco
68%
TUR Galatasaray
67%
SCO Celtic
66%
ITA Lazio
66%
GER Schalke
66%
RUS Zenit
66%
BEL Anderlecht
65%
SUI Basel
64%
ENG Everton
64%
TUR Besiktas
63%
RUS CSKA Moscow
61%
NED Feyenoord
61%
ESP Athletic Bilbao
59%
ENG Leicester City
54%
FRA Lille
54%
GRE Olympiakos
54%
GER Bayer Leverkusen
53%
ITA Fiorentina
52%
TUR Fenerbahce
50%
ENG Newcastle
49%
UKR Shakhtar
49%
POR Sporting Lisbon
48%
GER Wolfsburg
48%
FRA Bordeaux
41%
DEN Copenhagen
41%
ESP Malaga
41%
ESP Real Sociedad
41%
GER Stuttgart
41%
BEL Genk
40%
ESP Villarreal
39%
AUT Salzburg
38%
BEL Club Brugge
37%
BEL Gent
36%
ENG Southampton
36%
ITA Torino
36%
POR Braga
34%
CRO Dinamo Zagreb
34%
RUS Lokomotiv Moskva
33%
SUI Young Boys
31%
GRE PAOK
29%
CYP APOEL
28%
ESP Celta Vigo
28%
UKR Dynamo Kyiv
28%
ESP Real Betis
28%
GER Frankfurt
26%
POL Legia
26%
BEL Standard Liege
26%
UKR Dnipro Dnipropetrovsk
24%
NED AZ Alkmaar
23%
AUT Rapid Wien
23%
ROU Steaua Bucharest
23%
RUS Rubin
21%
GER Mainz
19%
ENG Nottingham
18%
FRA Saint Etienne
18%
CZE Sparta Praha
18%
TUR Trabzonspor
18%
BUL Ludogorets Razgrad
17%
CZE Viktoria Plzen
16%
BLR BATE Borisov
15%
RUS Dinamo Moskva
14%
GER Freiburg
14%
GER Hannover
14%
RUS Krasnodar
14%
ESP Levante
13%
SVN Maribor
13%
RUS Anzhi Makhachkala
11%
GER Augsburg
11%
NOR Molde
11%
RUS Rostov
11%
ENG Swansea City
10%
CZE Slovan Liberec
7%
ENG Wigan Athletic
5%
GER Borussia Moenchengladbach
4%
FRA Guingamp
2%
No matching quizzes found
Score Distribution
Percent of People with Each Score
Percentile by Number Answered
Your Score History
You have not taken this quiz